000 00737nam a2200241Ia 4500
003 OSt
005 20220925200333.0
006 a|||||r|||| 00| 0
007 ta
008 220923b |||||||| |||| 00| 0 hin d
037 _cGeneral Book
040 _aRTL
_cRTL
_bhin
041 _2hin
_ahin
082 _aV2,6:3.N5, J6-;1
100 _aMalaviya H D
245 0 _aVillage Panchayats in India
260 _aDelhi
_bAll India Congress Committee(Eco&Po.Res.Dev.) India
_c1956
300 _axlvi,843P.,xxxix
_ccm.
500 _aBibliography:P.i-xvii; Glossary:P.xxxvi-xxxix; Index:P.xviii-xxxv
650 _aIndia Local Body
942 _hV2,6:3.N5, J6-;1
_cGB
_2CC
999 _c536238
_d536238